01005cam a22003015a 4500999001700000001001000017005001700027008004100044015001900085020002100104020001800125040002600143043001200169082001900181100001800200245006400218250002700282260003300309300002900342504005100371541001800422650004400440650004900484651001000533653003100543942000800574952012100582 c26828d2680000811258020180802115341.0870812r19861985enka frb 001 0 eng d aGB84417442bnb a0850389429 (pbk) a9780850389425 aUkbengcUkdEG-ScBUE ae-uk---04a658.8bPAT2221 aPatten, Dave.10aSuccessful marketing for the small business /cDave Patten. a1st ed., Reprinted ed. aLondon :bKogan Page,c1986. a252 p. :bill. ;c23 cm. aIncludes bibliographical references and index. aDavid Kirby ; 7aMarketingzGreat Britain.2BUEsh935015 7aSmall businesszGreat Britain.2BUEsh929545 2BUEsh bBUSADMbBUSECOcAugust2018 2ddc 00102ddc40708Donation-GaMAINbMAINc1STd2018-08-02eDonationl0o658.8 PATp000043473r2025-07-15 00:00:00yBB